<?xml version="1.0" encoding="UTF-8"?>
<record
    xmlns:xsi="http://www.w3.org/2001/XMLSchema-instance"
    xsi:schemaLocation="http://www.loc.gov/MARC21/slim http://www.loc.gov/standards/marcxml/schema/MARC21slim.xsd"
    xmlns="http://www.loc.gov/MARC21/slim">

  <leader>02218mam a2200397 a 4500</leader>
  <controlfield tag="001">4071635</controlfield>
  <controlfield tag="003">OSt</controlfield>
  <controlfield tag="005">20210414114515.0</controlfield>
  <controlfield tag="008">021004s2003    moua     b    001 0 eng d</controlfield>
  <datafield tag="010" ind1=" " ind2=" ">
    <subfield code="a">  2002036574</subfield>
  </datafield>
  <datafield tag="015" ind1=" " ind2=" ">
    <subfield code="a">GBA3-18227</subfield>
  </datafield>
  <datafield tag="020" ind1=" " ind2=" ">
    <subfield code="a">0721689477</subfield>
  </datafield>
  <datafield tag="035" ind1=" " ind2=" ">
    <subfield code="a">(OCoLC)ocm50851987</subfield>
  </datafield>
  <datafield tag="035" ind1=" " ind2=" ">
    <subfield code="a">(NNC)4071635</subfield>
  </datafield>
  <datafield tag="040" ind1=" " ind2=" ">
    <subfield code="a">DLC</subfield>
    <subfield code="c">DLC</subfield>
    <subfield code="d">C#P</subfield>
    <subfield code="d">UKM</subfield>
    <subfield code="d">NNC-M</subfield>
    <subfield code="d">OrLoB-B</subfield>
  </datafield>
  <datafield tag="042" ind1=" " ind2=" ">
    <subfield code="a">pcc</subfield>
  </datafield>
  <datafield tag="050" ind1="0" ind2="0">
    <subfield code="a">RM700.Q85 </subfield>
  </datafield>
  <datafield tag="082" ind1="0" ind2="0">
    <subfield code="a">615.8/2</subfield>
    <subfield code="2">21</subfield>
  </datafield>
  <datafield tag="100" ind1="1" ind2=" ">
    <subfield code="a">Quinn, Lori.</subfield>
  </datafield>
  <datafield tag="245" ind1="1" ind2="0">
    <subfield code="a">Functional outcomes documentation for rehabilitation /</subfield>
    <subfield code="c">Lori Quinn, James Gordon.</subfield>
  </datafield>
  <datafield tag="260" ind1=" " ind2=" ">
    <subfield code="a">Philadelphia  :</subfield>
    <subfield code="b">Saunders,</subfield>
    <subfield code="c">c2003.</subfield>
  </datafield>
  <datafield tag="300" ind1=" " ind2=" ">
    <subfield code="a">xvii, 214 p. :</subfield>
    <subfield code="b">ill. ;</subfield>
    <subfield code="c">28 cm.</subfield>
  </datafield>
  <datafield tag="500" ind1=" " ind2=" ">
    <subfield code="a">Includes bibliographical references and index.</subfield>
  </datafield>
  <datafield tag="505" ind1="0" ind2="0">
    <subfield code="g">Contents :Theoretical Foundations -- Introduction -- Essentials of Documentation -- Overview of Functional Outcomes Approach to Documentation: The Initial Evaluation Format --Components of Physical Therapy Documentation --  Documenting Reason for Referral: Background Information, Medical Diagnosis, and History --Components of Physical Therapy Documentation -- Documenting Reason for Referral: Background Information, Medical Diagnosis, and History --Documenting Reason for Referral: Disability and Social History -- Documenting Functional Status: A Skill-Based Model -- Documenting Impairments -- Documenting the assessment: the physical therapy diagnosis --  Documenting Goals -- Documenting the Intervention Plan -- Additional Documentation Formats -- Documenting Daily Notes and Progress Notes: Elements of the SOAP Record -- Specialized Documentation -- Automating Physical Therapy Documentation -- App. A.Guidelines for Physical Therapy Documentation -- App. B.Rehabilitation Abbreviations -- App.C. answers to exercises -- App. D.Sample Evaluation Forms.</subfield>
    <subfield code="t"> </subfield>
    <subfield code="t"> </subfield>
    <subfield code="t"> </subfield>
    <subfield code="t"> </subfield>
    <subfield code="t"> </subfield>
    <subfield code="t"> </subfield>
  </datafield>
  <datafield tag="650" ind1=" " ind2="0">
    <subfield code="a">Physical therapy.</subfield>
  </datafield>
  <datafield tag="650" ind1=" " ind2="0">
    <subfield code="a">Physical therapy assistants.</subfield>
  </datafield>
  <datafield tag="650" ind1=" " ind2="0">
    <subfield code="a">Medical protocols.</subfield>
  </datafield>
  <datafield tag="650" ind1=" " ind2="0">
    <subfield code="a">Communication in medicine.</subfield>
  </datafield>
  <datafield tag="650" ind1="1" ind2="2">
    <subfield code="a">Physical Therapy Specialty.</subfield>
  </datafield>
  <datafield tag="650" ind1="2" ind2="2">
    <subfield code="a">Documentation.</subfield>
  </datafield>
  <datafield tag="650" ind1="2" ind2="2">
    <subfield code="a">Communication.</subfield>
  </datafield>
  <datafield tag="650" ind1="2" ind2="2">
    <subfield code="a">Information Systems.</subfield>
  </datafield>
  <datafield tag="700" ind1="1" ind2=" ">
    <subfield code="a">Gordon, James,</subfield>
    <subfield code="c">Ed.D.</subfield>
  </datafield>
  <datafield tag="900" ind1=" " ind2=" ">
    <subfield code="b">TOC</subfield>
  </datafield>
  <datafield tag="942" ind1=" " ind2=" ">
    <subfield code="2">lcc</subfield>
    <subfield code="c">BK</subfield>
  </datafield>
  <datafield tag="999" ind1=" " ind2=" ">
    <subfield code="c">5907</subfield>
    <subfield code="d">13407</subfield>
  </datafield>
  <datafield tag="952" ind1=" " ind2=" ">
    <subfield code="0">0</subfield>
    <subfield code="1">0</subfield>
    <subfield code="2">lcc</subfield>
    <subfield code="4">0</subfield>
    <subfield code="7">0</subfield>
    <subfield code="8">NFIC</subfield>
    <subfield code="a">WIUC-1</subfield>
    <subfield code="b">WIUC-1</subfield>
    <subfield code="c">NURS L.</subfield>
    <subfield code="d">2016-02-22</subfield>
    <subfield code="l">0</subfield>
    <subfield code="o">RM700.Q85</subfield>
    <subfield code="p">NURS/002/16</subfield>
    <subfield code="r">2016-02-22 00:00:00</subfield>
    <subfield code="t">1</subfield>
    <subfield code="w">2016-02-22</subfield>
    <subfield code="y">BK</subfield>
  </datafield>
</record>
